| 000 | 00449nam a22001817a 4500 | ||
|---|---|---|---|
| 003 | NUST - PNEC | ||
| 005 | 20170116181059.0 | ||
| 008 | 150915b xxu||||| |||| 00| 0 eng d | ||
| 020 | _a- | ||
| 040 | _cLIBRARY | ||
| 082 | _a621.4021 LEW | ||
| 100 |
_910599 _aLewitt, E. H. |
||
| 245 |
_aThermodynamics: applied to heat engines _cE.H. Lewitt |
||
| 250 | _a6th ed. | ||
| 260 | _cc.1965 | ||
| 650 |
_910607 _aThermodynamics _xME |
||
| 942 |
_2ddc _cBK |
||
| 999 |
_c68705 _d68705 |
||